[Event "Pulvermuehle 6th"]
[Site "Pulvermuehle"]
[Date "2006.02.26"]
[Round "2"]
[White "Gustafsson, Jan"]
[Black "Braun, Arik"]
[Result "1/2-1/2"]
[WhiteElo "2614"]
[BlackElo "2491"]
[Annotator "Krasenkow,M"]
[PlyCount "57"]
[EventDate "2006.02.25"]
[EventType "tourn"]
[EventRounds "9"]
[EventCountry "GER"]
[EventCategory "12"]
[SourceTitle "CBM 112"]
[Source "ChessBase"]
[SourceDate "2006.06.07"]
[SourceVersion "1"]
[SourceVersionDate "2006.06.07"]
[SourceQuality "1"]

1. d4 Nf6 2. c4 g6 3. Nc3 d5 4. Bg5 Ne4 5. Bh4 Nxc3 6. bxc3 dxc4 7. e3 Qd5 {
A rare move but... there is apparently nothing wrong with it!} 8. Nf3 (8. Qa4+
b5 9. Qa5 Nc6 $1 (9... c6 10. a4 Bg7 11. Be2 Bb7 12. Nf3 Bf6 13. Bxf6 exf6 14.
O-O O-O 15. Rfb1 a6 16. Qb6 c5 17. Qxf6 Nd7 18. Qf4 $16 {1-0 Alburt,
L-Faibisovich,V/Alma-Ata 1971/EXT 2001 (47)}) 10. Qxc7 Bf5 11. Be2 e5 12. f3
exd4 13. e4 Qd7 14. Qxd7+ Bxd7 15. Bf6 Rg8 16. cxd4 Be7 (16... Rc8 $5 $13) 17.
Bxe7 Kxe7 18. d5 Nb4 19. Kd2 Rac8 20. Kc3 $13 {_|_1-0 Kahn,E-Rezsek,G/Hungary
1993/TD (39)}) (8. Be2 $5 Qa5 9. Qc1 Be6 10. Nf3 Nd7 11. O-O Nb6 12. e4 f6 13.
a4 Nxa4 14. Bd1 b5 15. Nd2 Bh6 16. Bxa4 bxa4 17. f4 $44 {0-1 Gostisa,L-Kozul,Z/
Portoroz 1994/TD (35)}) 8... b5 (8... Bg7 {is not enough:} 9. Be2 Nd7 (9... Qa5
10. O-O Qxc3 11. Nd2 Qa5 12. Nxc4 Qd5 13. Qb3 Nc6 14. Bf3 Qf5 15. Rac1 $36 {
1-0 Izoria,Z-Mikhalevski,V/Minneapolis 2005/CBM 107 (37)}) 10. O-O Nb6 11. Nd2
e6 12. a4 Qa5 13. Qc2 Bd7 14. Nxc4 Nxc4 15. Bxc4 c5 16. Rfb1 Bc6 17. Bb5 $1 $16
{1-0 Moeller,M-Henk,M/Neuwied 1993/GER (64)}) 9. a4 a6 10. Be2 Bb7 11. O-O Bg7
12. Qb1 (12. axb5 axb5 13. Rxa8 Bxa8 14. Qa1 O-O {1/2-1/2 Vladimirov,
B-Zezulkin,J/Gyor 1990/EXT 97}) 12... Nd7 13. e4 $5 {An interesting attempt to
exploit White's development advantage.} Qxe4 14. axb5 axb5 (14... Qxb1 $5 15.
Rfxb1 Nb6 {comes into consideration}) 15. Qxb5 O-O 16. Rxa8 Rxa8 17. Bxc4 Nb6
$2 {Black gives up the f7 pawn in order to exploit White's "hanging" pieces.
An interesting but wrong idea!} (17... Bc6 {was quite OK:} 18. Qb3 e6 $11 {
[%cal Cf1e1,Ce1e4,Yd7b6]}) 18. Bxf7+ Kh8 19. Qg5 Rf8 20. Re1 Qc6 21. Qxe7 Nc8 (
21... Qxc3 $4 22. Qxf8+ Bxf8 23. Bf6+ Bg7 24. Re8#) 22. Qe6 $2 {[%mdl 64] This
leads to a forced draw.} ({Both players missed} 22. Qb4 $1 Rxf7 23. d5 $1 Qxd5
24. Re8+ Bf8 25. Rxf8+ Kg7 26. Rd8 $16) 22... Qxc3 23. Bf6 Bxf3 24. Qe5 Qxe1+
25. Qxe1 Bxf6 26. gxf3 Rxf7 27. Qe8+ Kg7 28. Qxc8 Bxd4 29. Kg2 {Black's
fortress is obviously unassailable.} 1/2-1/2

[Event "FIDE World Cup"]
[Site "Khanty-Mansiysk"]
[Date "2005.11.30"]
[Round "2.1"]
[White "Leitao, Rafael Duailibe"]
[Black "Vallejo Pons, Francisco"]
[Result "1/2-1/2"]
[WhiteElo "2586"]
[BlackElo "2674"]
[Annotator "Krasenkow,M"]
[PlyCount "101"]
[EventDate "2005.11.27"]
[EventType "k.o."]
[EventRounds "7"]
[EventCountry "RUS"]
[SourceTitle "CBM 111"]
[Source "ChessBase"]
[SourceDate "2006.04.04"]
[SourceVersion "1"]
[SourceVersionDate "2006.04.04"]
[SourceQuality "1"]

1. d4 Nf6 2. c4 g6 3. Nc3 d5 4. Bg5 Ne4 5. Bh4 Nxc3 6. bxc3 dxc4 7. e3 Be6 8.
Nf3 c6 9. Ng5 Bd5 10. e4 h6 11. exd5 hxg5 12. dxc6 Nxc6 13. Bxg5 Qd5 {About
this line - see annotations to I.Sokolov-Sutovsky in CBM110.} 14. Qg4 $146 (14.
h4) (14. Be3 e5 15. Qe2 O-O-O 16. Qxc4 exd4 17. Qxd5 $6 (17. Bxd4) 17... Rxd5
18. cxd4 $6 Bb4+ 19. Ke2 Nxd4+ 20. Bxd4 Rxd4 $17 {0-1 Loncar,R-Brkic,A/Zagreb
CRO 2006/The Week in Chess 585 (60)}) 14... e5 (14... Rh5 $5 15. h4 $140 e5)
15. Bf6 Rh5 16. Be2 exd4 (16... Rf5 $5 17. dxe5 (17. Bf3 $2 Qa5) 17... Nxe5 18.
Bxe5 Rxe5 19. O-O Qe4 $11) 17. Bf3 Qf5 18. Bxc6+ bxc6 19. Qe2+ (19. Qxf5 Rxf5
20. Bxd4 c5 21. Be3 Bg7 $132 {[%cal Og7c3,Ya8d8]}) 19... Kd7 {This is simpler
than} (19... Qe6 20. Qxe6+ fxe6 21. Bxd4 c5 22. Be3 Bg7) 20. Bxd4 Re8 21. Be3
Qe4 22. O-O Bd6 $11 {Black has an inferior pawn structure and his king is
exposed but his pieces are very active.} 23. Rfd1 Kc7 24. h3 Bc5 25. Qg4 Bxe3
26. Qd7+ Kb6 (26... Kb8 $5) 27. Rab1+ Rb5 28. Rxb5+ cxb5 29. fxe3 Qxe3+ 30. Kh1
Qe7 31. Qd4+ Qc5 32. Qf6+ Ka5 {The black king is now safe but White recaptures
the missing pawn.} 33. Qxf7 Re3 34. a4 Qe7 35. Qf1 (35. Qf2 $5 Re2 (35... Qe4
36. axb5) 36. Qf1 $13 bxa4 $140 $2 37. Rd5+) 35... Qe4 {[%cal Re3h3]} 36. Kg1
b4 (36... bxa4 $5) 37. cxb4+ Kxb4 38. Qf8+ Qe7 39. Qb8+ Kxa4 40. Ra1+ Ra3 41.
Rb1 Rb3 42. Ra1+ Ra3 43. Rb1 Qc5+ {A harmless attempt to play for a win.} 44.
Kh1 Ra2 (44... Rxh3+ $5 45. gxh3 Qd5+ 46. Kh2 Qd2+ 47. Kg3 Qg5+ 48. Kf3 Qd5+
$11) 45. Qe8+ Ka3 46. Qxg6 a5 47. Qe4 c3 48. Qf4 Qd5 49. Qf8+ Ka4 50. Qe8+ Ka3
51. Qe7+ 1/2-1/2

[Event "Olympiad-36"]
[Site "Mallorca"]
[Date "2004.10.19"]
[Round "5"]
[White "Kacheishvili, Giorgi"]
[Black "Vallejo Pons, Francisco"]
[Result "0-1"]
[WhiteElo "2599"]
[BlackElo "2678"]
[Annotator "Krasenkow,M"]
[PlyCount "64"]
[EventDate "2004.10.15"]
[EventType "team-swiss"]
[EventRounds "14"]
[EventCountry "ESP"]
[SourceTitle "CBM 104"]
[Source "ChessBase"]
[SourceDate "2005.01.27"]
[SourceVersion "1"]
[SourceVersionDate "2005.01.27"]
[SourceQuality "1"]
[WhiteTeam "Georgia"]
[BlackTeam "Spain"]
[WhiteTeamCountry "GEO"]
[BlackTeamCountry "ESP"]

1. d4 Nf6 2. c4 g6 3. Nc3 d5 4. Bg5 Ne4 5. Bh4 Nxc3 6. bxc3 dxc4 7. e3 Be6 8.
Qb1 (8. Rb1 $142) 8... b6 (8... Qd5 {is another good option - see
Atalik-Predojevic in CBM101.}) 9. Nh3 (9. Nf3 {is normal}) 9... Bh6 10. Ng5 $2
{It was more appropriate to exchange the bishop to invade the g5 square with
the knight:} (10. Bg5 Bxg5 11. Nxg5 Qd5 12. Nxe6 fxe6 13. e4 (13. a4 $5) 13...
Qa5 14. Qb2 Qa4 15. Be2 Nd7 16. e5 Rf8 17. O-O $44 {0-1 Goldin,A-Kudrin,S/San
Diego USA 2004/The Week in Chess 525 (40)}) 10... Bxg5 11. Bxg5 Qd5 12. Bh4 Nc6
13. f3 Qa5 14. Qb2 O-O-O 15. Be2 {If White now castled and played e3-e4, his
position would be excellent. Therefore Black should urgently start active play
to make use of his temporary development advantage.} g5 16. Bg3 f5 17. O-O Rhg8
18. e4 (18. Kh1 h5 $5) 18... f4 19. Bf2 g4 $1 20. fxg4 (20. d5 $6 gxf3 21. Bxf3
Ne5 22. Bd4 Nd3) 20... Bxg4 21. Bxc4 Qh5 $1 {[%mdl 512] Consequently fighting
for initiative. Material is less important.} 22. Bxg8 Rxg8 23. Qd2 (23. Qb3 Rg6
24. Qf7 $4 Bf3) 23... Bf3 24. Bg3 fxg3 25. gxf3 Qh3 $1 {A remarkable position!
Black is not threatening mate but White has no way to get rid of Black's
attack, which can be strengthened by bringing his knight into play.} 26. Qe2
Nd8 27. f4 (27. d5 Nf7 $36 28. f4 $6 Nd6 29. Rf3 gxh2+ 30. Kh1 Qg4 31. Qf1 Nxe4
$19) 27... Ne6 28. Qd2 $2 {This move loses.} (28. f5 $8 gxh2+ 29. Kh1 Rg1+ 30.
Rxg1 hxg1=Q+ 31. Kxg1 Qxc3 $36) 28... Rg4 $1 {White can't protect his f4 pawn 
(and more importantly, the f4 point!)} 29. Rad1 (29. f5 Nf4 (29... Ng5 $19) 30.
Rxf4 Rxf4 31. Qg2 gxh2+ 32. Kh1 Qxc3 $19) 29... Nxf4 30. e5 gxh2+ 31. Kh1 Nh5
32. Rf8+ Kb7 0-1

[Event "Poikovsky Karpov 06th"]
[Site "Poikovsky"]
[Date "2005.03.04"]
[Round "6"]
[White "Dreev, Alexey"]
[Black "Svidler, Peter"]
[Result "1/2-1/2"]
[WhiteElo "2704"]
[BlackElo "2735"]
[Annotator "Krasenkow,M"]
[PlyCount "44"]
[EventDate "2005.02.26"]
[EventType "tourn"]
[EventRounds "9"]
[EventCountry "RUS"]
[EventCategory "18"]
[SourceTitle "CBM 106"]
[Source "ChessBase"]
[SourceDate "2005.06.06"]
[SourceVersion "1"]
[SourceVersionDate "2005.06.06"]
[SourceQuality "1"]

1. d4 Nf6 2. c4 g6 3. Nc3 d5 4. Bg5 Ne4 5. Bh4 Nxc3 6. bxc3 dxc4 7. e3 Be6 8.
Rb1 b6 9. Nf3 c6 {A new idea instead of the normal move} (9... Bg7) {Black
firmly keeps his extra pawn.} 10. a4 (10. e4 {was played in the stem game,
with very complex play after} b5 11. Be2 Bh6 12. O-O a6 13. Ng5 Bc8 14. f4 f6
15. Nh3 Nd7 16. g4 Nb6 17. Qc2 Be6 18. f5 gxf5 19. gxf5 Bf7 20. Qd1 Kd7 $5 21.
Kh1 Kc8 {1/2-1/2 Gurevich,M-McShane,L/Vandoeuvre 2005/CBM 106 (45)}) (10. Ng5
$2 {is senseless in view of} Bd5 11. e4 h6 12. exd5 hxg5 13. Bxg5 cxd5 {
- one of the ideas of 9...c6.}) 10... a6 11. e4 {Of course it is a big
question whether this move is necessary. The other plan is Be2,Nd2,Bf3 etc.,
which Black would meet with ...f7-f5 (controlling the e4 square).} b5 12. Be2
Bg7 {More natural than} (12... Bh6) 13. O-O O-O 14. Ng5 Bc8 15. f4 f6 16. Nf3
f5 $1 {Here, too, this move, attacking the white centre, is very effective.
Black captures the d5 square.} 17. Qe1 Bf6 {Black takes the opportunity to
exchange (or activate) his passive bishop.} (17... fxe4 18. Ng5 Bf5 19. g4 $13)
18. Bd1 (18. Bf2 fxe4) 18... fxe4 19. Ng5 Qd5 20. Bc2 Bf5 21. h3 e3 22. Bxf5
gxf5 $17 {Suddenly Black offers a draw. Peter condemned his decision later on.
White's compensation for the missing pawn is slim.} 1/2-1/2

[Event "Olympiad-39"]
[Site "Khanty-Mansiysk"]
[Date "2010.10.03"]
[Round "11.4"]
[White "Pantsulaia, Levan"]
[Black "Gopal, Geetha Narayanan"]
[Result "0-1"]
[WhiteElo "2599"]
[BlackElo "2603"]
[Annotator "Krasenkow,M"]
[PlyCount "94"]
[EventDate "2010.09.21"]
[EventType "team-swiss"]
[EventRounds "11"]
[EventCountry "RUS"]
[SourceTitle "CBM 139"]
[Source "ChessBase"]
[SourceDate "2010.11.18"]
[SourceVersion "1"]
[SourceVersionDate "2010.11.18"]
[SourceQuality "1"]
[WhiteTeam "Georgia"]
[BlackTeam "India"]
[WhiteTeamCountry "GEO"]
[BlackTeamCountry "IND"]

1. d4 Nf6 2. c4 g6 3. Nc3 d5 4. Bg5 Bg7 5. Bxf6 Bxf6 6. cxd5 c6 7. e4 O-O {
This "real" pawn sacrifice is rather new and more popular than the pawn
recapture by means of} (7... Qb6) 8. e5 (8. Bc4 $6 cxd5 9. Nxd5 (9. exd5 Qb6
10. Nge2 Qxb2 11. Rb1 Qa3 12. O-O Nd7 13. Qd2 Nb6 14. Bb3 Qa5 15. Ng3 Bd7 16.
Nge4 Rac8 17. Rfc1 Bf5 $15 {0-1 Aronian,L (2786)-Carlsen,M (2801)/Moscow 2009/
EXT 2010 (33)}) 9... Bg7 10. Ne2 Nc6 11. e5 (11. O-O e6 12. Ndc3 Nxd4 13. Nxd4
Bxd4 $15 {0-1 Struik,T (2185)-Siebrecht,S (2431)/Dieren 2007/CBM 119 ext (36)})
11... Be6 12. Ne3 Qa5+ (12... Bxc4 $142 $1 13. Nxc4 Qd5 14. Ne3 Qa5+ $36 {
[%cal Yf8d8]}) 13. Qd2 Qxd2+ 14. Kxd2 Rfd8 15. Bxe6 fxe6 16. f4 Nxd4 17. Ke1 g5
18. g3 gxf4 19. gxf4 Bh6 20. Rf1 Nxe2 21. Kxe2 Rd4 $132 {0-1 Kociscak,J (2200)
-Oral,T (2521)/Prague 2007/CBM 116 ext (46)}) 8... Bg7 9. Bc4 b5 10. Bb3 a5 $5
$146 {[%mdl 8]} (10... b4 11. Nce2 (11. Na4 $5 cxd5 12. Ne2 Nc6 13. Nc5 e6 14.
Rc1 Na5 15. O-O Qb6 16. Nf4 Rd8 17. Ba4 Ba6 18. Re1 Bb5 19. Bxb5 Qxb5 20. Qg4
$36 {1-0 Zhou Weiqi (2584)-Gao Rui (2464)/China 2010/CBM 136 Extra (49)}) 11...
cxd5 12. h4 h6 (12... h5 $5 13. Nf4 e6 14. Bc2 $6 (14. Nf3) 14... Nc6 15. Rh3
Qa5 16. b3 Nxd4 $1 $17 {1/2 Pashikian,A (2639)-Edouard,R (2636)/
Khanty-Mansiysk RUS 2010/The Week in Chess 830 (44)}) 13. Nf4 e6 14. Nf3 (14.
Rc1 Qb6 15. Nf3 Nc6 16. Ba4 Ne7 {1-0 Kazhgaleyev,M (2609)-Laylo,D (2522)/
Manila PHI 2010/The Week in Chess 825 (54)} 17. Nd3 Ba6 18. Nc5 $36) 14... Nd7
(14... Qb6 $6 15. h5 $1 g5 16. Nxg5 hxg5 17. h6) (14... Nc6 15. Ba4) 15. Bc2
Ba6 16. Bd3 Bxd3 17. Qxd3 Qe7 18. O-O Rfc8 19. Rac1 Qd8 20. Qa6 $14 {1-0
Rodshtein,M (2622)-Khusnutdinov,R (2513)/Moscow 2010/CBM 135 (37)}) 11. a4 $6 (
11. a3 $5 Ba6 $5 {needs checking, e.g.} 12. Nf3 b4 13. axb4 axb4 14. Ne4 cxd5
15. Nc5 e6 16. Nxa6 Rxa6 17. Rxa6 Nxa6 18. O-O Qb6 $11) 11... b4 12. Nce2 cxd5
{This position is more favourable for Black than the one without a2-a4 a7-a5:
the white bishop has no a4 square, and the black rook can go to a7-c7.} 13. h4
Ba6 $5 {Ignoring the h4-h5 threat.} 14. h5 Nc6 15. hxg6 $6 (15. Nf3) 15... fxg6
$1 {[%cal Gf8f2][%mdl 32]} 16. Qc1 Qd7 17. Qe3 e6 18. Qh3 {This only helps
Black to carry out his plan.} (18. Nf3 Ne7 $36) 18... h6 (18... h5 $5 19. g4
$140 Bxe5 $1 (19... Qf7 $143 20. O-O-O) 20. dxe5 Nxe5 $40) 19. Qe3 Rac8 20. Nf3
Qf7 21. Rh3 (21. Rc1 $142) 21... Ne7 $1 {[%cal Yg6g5,Yg5g4,Ye7f5]} 22. g4 g5 $1
23. Nfg1 Ng6 24. f3 Nh4 {[%csl Gh4]} 25. Kf2 Qg6 26. Rd1 Bc4 $1 {After the
exchange of these bishops the black rooks invade along the c-file.} 27. Rd2
Bxb3 28. Qxb3 Rc4 29. Qd3 Qxd3 30. Rxd3 Rc2 31. b3 (31. Rb3 {[%cal Yf2e3,Ye3d3]
was hardly better, e.g.} Ng6 32. Ke3 Rfc8 $19 {[%cal Yg6f8,Yf8d7,Yd7b6]}) 31...
Rb2 32. Rh2 Ng6 33. Nh3 Rc8 34. Rh1 Bf8 35. Ke3 Rcc2 36. Re1 Nh4 37. Kf2 Rc3 $1
38. Rxc3 bxc3 39. Rc1 Bb4 40. Ke3 Ng2+ 41. Kf2 Nf4 42. Nhxf4 gxf4 43. Rh1 Rd2
44. Rxh6 c2 45. Rh1 Bc3 46. Rc1 Bxd4+ 47. Ke1 Be3 {A great positional game by
the Indian GM!} 0-1

[Event "EU-Cup 26th"]
[Site "Plovdiv"]
[Date "2010.10.21"]
[Round "5.5"]
[White "Moiseenko, Alexander"]
[Black "Vachier Lagrave, Maxime"]
[Result "1-0"]
[WhiteElo "2658"]
[BlackElo "2721"]
[Annotator "Krasenkow,M"]
[PlyCount "117"]
[EventDate "2010.10.17"]
[EventType "team-swiss"]
[EventRounds "7"]
[EventCountry "BUL"]
[SourceTitle "CBM 139"]
[Source "ChessBase"]
[SourceDate "2010.11.18"]
[SourceVersion "1"]
[SourceVersionDate "2010.11.18"]
[SourceQuality "1"]
[WhiteTeam "Economist SGSEU"]
[BlackTeam "Azerbaijan Socar"]
[WhiteTeamCountry "RUS"]
[BlackTeamCountry "AZE"]

1. d4 Nf6 2. c4 g6 3. Nc3 d5 4. Bg5 Bg7 5. Bxf6 Bxf6 6. cxd5 c6 7. Rc1 O-O 8.
dxc6 Qxd4 {This move was played for the first time in Wang Yue - Berkes (see
CBM 114), and had brought good results to Black before the present game.} 9.
Qxd4 (9. c7 Qxd1+ 10. Kxd1 Nc6 $44) 9... Bxd4 10. cxb7 (10. c7 Nc6 11. Nf3 Bb6
$1 12. e3 Bxc7 $15 {/= 1/2 Wang Yue (2626)-Berkes,F (2601)/Taiyuan 2006/CBM
114/[Krasenkow] (30)}) (10. Nf3 Bxc3+ 11. Rxc3 Nxc6 12. e3 Be6 (12... Bg4 13.
Bb5 Nb4 14. a3 Nd5 15. Rc1 Rac8 16. Ke2 Nb6 17. b3 e5 18. h3 Be6 $11 {1/2
Akobian,V (2624)-Ponomariov,R (2739)/Khanty Mansiysk 2009/EXT 2010 (32)}) 13.
Bc4 Bxc4 14. Rxc4 Rfc8 15. Kd2 Na5 16. Rxc8+ Rxc8 17. Rc1 Nc4+ 18. Ke2 f6 $11 {
1/2 Ivanchuk,V (2741)-Dominguez Perez,L (2713)/Havana 2010/CBM 137 (33)}) 10...
Bxb7 11. Nf3 Bf6 (11... Bg7 12. e3 Na6 13. Be2 Rfc8 (13... Rac8 $142 14. O-O
Rfd8) 14. O-O Nc5 15. Nd4 Rab8 16. b3 Ne6 17. Nxe6 Bxc3 18. Bc4 Bb2 19. Rb1 Bf6
20. Nd4 $14 {1-0 Jorczik,J (2374)-Mann,C (2454)/Muenchen GER 2010/The Week in
Chess 802 (43)}) 12. e3 Nd7 13. Bb5 Nc5 14. Bc4 Rac8 15. b3 Nd7 {1/2 Arutinian,
D (2576)-Margvelashvili,G (2455)/Tbilisi 2008/CBM 123 Extra ; GM Alexander
Moiseenko fights on.} 16. Na4 Bc6 (16... Nb6 $5 17. Nxb6 axb6) 17. Ba6 Bb7 18.
Bc4 Bc6 19. Ke2 Bxa4 20. bxa4 Nc5 21. Bb3 $14 {The position looks completely
drawn but it is not! Two pawns, even doubled, are stronger than one.} Ne4 22.
Nd4 Rfd8 23. Rxc8 Rxc8 {[%mdl 4096]} 24. f3 Bxd4 $6 (24... Nd6 25. Nb5 $1 Nxb5
26. axb5 Rc5 27. a4 e6 {[%cal Yf6d8] would give Black good drawing chances in
the endgame with opposite-coloured bishops. He understandably avoids
undoubling White's pawns but now the white bishop becomes stronger than the
black knight.}) 25. exd4 Nd6 26. Kd3 {Both White's a-pawns are employed in
this ending: Bb3 + Pa2 prevent Black's counterplay along the b-file, and the
a4-pawn prevents both ...Nd6-b5 and ...a7-a5-a4. Meanwhile, White activates
his rook (Re1-e5- possibly a5) and then starts moving his kingside pawns.} Kf8
27. Re1 $1 Ke8 28. Re5 Kd7 29. g4 h6 30. h4 e6 $6 {White now opens up the
centre completely and increases his advantage. It was better to sit and wait.}
31. d5 exd5 32. Rxd5 Ke7 33. Kd4 Rc7 34. Re5+ Kf6 35. f4 Nc8 36. Kd5 a5 $6 {
[%csl Ra5] Creating a new weakness but waiting was not much better now:} (36...
Rc1 37. a5 Rc7 38. Re4 {[%cal Ye4c4] , and White should gradually win.}) 37.
g5+ Kg7 38. Re8 h5 39. Re2 Kf8 40. Rc2 $1 {The "B vs N" endgame is winning for
White as Black's a5 pawn quickly falls.} Ne7+ 41. Kd6 Ra7 42. Kc5 Rb7 43. Rd2
Nf5 44. Rd8+ Kg7 45. Ra8 Nxh4 46. Rxa5 {Now we have a typical position with
passed pawns on both sides, where B is stronger than N.} Nf5 47. Rb5 Rd7 48.
Bd5 Ne3 49. Be4 Rd2 50. a3 $18 {A typical method of using doubled pawns: one
of them covers the other's advance from the rear!} Ng2 51. Bxg2 Rxg2 52. a5 h4
53. a6 h3 54. Rb3 Rc2+ 55. Kb5 h2 56. Rh3 Rb2+ 57. Ka5 Rb3 58. Rxh2 Rxa3+ 59.
Kb5 1-0